Statistics for British airport ICAO codes

Click here to take the quiz!

General Stats

  • This quiz has been taken 111 times
  • The average score is 10 of 15

Answer Stats

HintAnswer% Correct
EGLLHeathrow
99%
EGKKGatwick
95%
EGCCManchester
91%
EGPHEdinburgh
90%
EGPFGlasgow
86%
EGBBBirmingham
84%
EGLCLondon City
84%
EGGPLiverpool John Lennon
70%
EGGDBristol
65%
EGHISouthampton
63%
EGPDAberdeen Dyce
62%
EGTEExeter
42%
EGSCCambridge
27%
EGNVDurham Tees Valley
19%
EGSUDuxford
13%

Score Distribution

Percentile by Number Answered

Percent of People with Each Score

Your Score History

You have not taken this quiz